MARC details
| 000 -CABECERA |
| campo de control de longitud fija |
01517 a2200313 4500 |
| 003 - IDENTIFICADOR DEL NÚMERO DE CONTROL |
| campo de control |
OSt |
| 005 - FECHA Y HORA DE LA ÚLTIMA TRANSACCIÓN |
| campo de control |
20230613094021.0 |
| 008 - DATOS DE LONGITUD FIJA--INFORMACIÓN GENERAL |
| campo de control de longitud fija |
230303s2014 sp a||||r|||| 001 0 spa d |
| 020 ## - NÚMERO INTERNACIONAL ESTÁNDAR DEL LIBRO |
| Número Internacional Estándar del Libro |
9788484766988 (volumen 1) |
| 020 ## - NÚMERO INTERNACIONAL ESTÁNDAR DEL LIBRO |
| Número Internacional Estándar del Libro |
9788484765462 (volumen 2) |
| 020 ## - NÚMERO INTERNACIONAL ESTÁNDAR DEL LIBRO |
| Número Internacional Estándar del Libro |
9788484767022 (volumen 3) |
| 020 ## - NÚMERO INTERNACIONAL ESTÁNDAR DEL LIBRO |
| Número Internacional Estándar del Libro |
9788484766995 (volumen 4) |
| 040 ## - FUENTE DE LA CATALOGACIÓN |
| Centro/agencia transcriptor |
CHAP |
| 082 00 - NÚMERO DE LA CLASIFICACIÓN DECIMAL DEWEY |
| Número de edición |
2022 |
| Número de clasificación |
363.728 |
| Número de documento/Ítem |
D27 |
| 245 00 - MENCIÓN DE TÍTULO |
| Título |
De residuo a recurso. El camino hacia la sostenibilidad : |
| Resto del título |
l. Recursos orgánicos / |
| Mención de responsabilidad, etc. |
coodinadora Ma. del Carmen Vargas García ...[ y otros tres]. |
| 264 #1 - PRODUCCIÓN, PUBLICACIÓN, DISTRIBUCIÓN, FABRICACIÓN Y COPYRIGHT |
| Producción, publicación, distribución, fabricación y copyright |
Madrid : |
| Nombre del de productor, editor, distribuidor, fabricante |
Red española de compostaje : |
| -- |
Mundi-Prensa, |
| Fecha de producción, publicación, distribución, fabricación o copyright |
2014. |
| 300 ## - DESCRIPCIÓN FÍSICA |
| Extensión |
Volúmenes : |
| Otras características físicas |
tablas, figuras. |
| 490 1# - MENCIÓN DE SERIE |
| Mención de serie |
De residuo a recurso. |
| 504 ## - NOTA DE BIBLIOGRAFÍA, ETC. |
| Nota de bibliografía, etc. |
Incluye bibliografía e índice. |
| 505 ## - NOTA DE CONTENIDO CON FORMATO |
| Información miscelánea |
La biblioteca tiene: v.1. Residuos agrícolas / coordinador Ma. del Carmen Vargas García. -- v.2. Residuos Ganaderos / coordinador Mercedes Sánchez Báscones. -- v.3. Residuos agroalimentarios. / coordinador José Luis García Morales. -- v.4. Residuos urbanos / coordinador Antoni Sánchez Ferrer. |
| 650 #4 - PUNTO DE ACCESO ADICIONAL DE MATERIA--TÉRMINO DE MATERIA |
| 9 (RLIN) |
187393 |
| Término de materia o nombre geográfico como elemento de entrada |
Residuos orgánicos |
| Subdivisión general |
Aspectos ambientales |
| 650 #4 - PUNTO DE ACCESO ADICIONAL DE MATERIA--TÉRMINO DE MATERIA |
| 9 (RLIN) |
147928 |
| Término de materia o nombre geográfico como elemento de entrada |
Tratamiento de desechos |
| 650 #4 - PUNTO DE ACCESO ADICIONAL DE MATERIA--TÉRMINO DE MATERIA |
| 9 (RLIN) |
10760 |
| Término de materia o nombre geográfico como elemento de entrada |
Basura |
| Subdivisión general |
Reciclaje |
| 650 #4 - PUNTO DE ACCESO ADICIONAL DE MATERIA--TÉRMINO DE MATERIA |
| 9 (RLIN) |
187394 |
| Término de materia o nombre geográfico como elemento de entrada |
Residuos ganaderos |
| Subdivisión general |
Tratamiento |
| 650 #4 - PUNTO DE ACCESO ADICIONAL DE MATERIA--TÉRMINO DE MATERIA |
| 9 (RLIN) |
26105 |
| Término de materia o nombre geográfico como elemento de entrada |
Compost |
| 700 1# - PUNTO DE ACCESO ADICIONAL--NOMBRE DE PERSONA |
| 9 (RLIN) |
187392 |
| Nombre de persona |
Vargas García, Ma. del Carmen |
| Término indicativo de función/relación |
Coordinadora. |
| 830 #0 - PUNTO DE ACCESO ADICIONAL DE SERIE-TÍTULO UNIFORME |
| 9 (RLIN) |
186953 |
| Título uniforme |
De residuo a recurso. |
| Nombre de parte o sección de la obra |
El camino hacia la sostenibilidad. |
| Designación de volumen o secuencia |
I. Recursos orgánicos. |
| 942 ## - ELEMENTOS DE PUNTO DE ACCESO ADICIONAL (KOHA) |
| Tipo de ítem Koha |
Libro_ |
| Fuente del sistema de clasificación o colocación |
Dewey Decimal Classification |